<?xml version="1.0" encoding="UTF-8"?>
<record
    xmlns:xsi="http://www.w3.org/2001/XMLSchema-instance"
    xsi:schemaLocation="http://www.loc.gov/MARC21/slim http://www.loc.gov/standards/marcxml/schema/MARC21slim.xsd"
    xmlns="http://www.loc.gov/MARC21/slim">

  <leader>02961nam a2200397uu 4500</leader>
  <controlfield tag="001">1398436</controlfield>
  <controlfield tag="005">20260508085830.0</controlfield>
  <controlfield tag="008">150204s2014                        spa  </controlfield>
  <datafield tag="020" ind1=" " ind2=" ">
    <subfield code="a">9789588890159</subfield>
  </datafield>
  <datafield tag="035" ind1=" " ind2=" ">
    <subfield code="a">1398436</subfield>
  </datafield>
  <datafield tag="040" ind1=" " ind2=" ">
    <subfield code="c">comduadb</subfield>
  </datafield>
  <datafield tag="041" ind1=" " ind2=" ">
    <subfield code="a">spa</subfield>
  </datafield>
  <datafield tag="080" ind1=" " ind2=" ">
    <subfield code="a">M/GI</subfield>
  </datafield>
  <datafield tag="082" ind1=" " ind2="4">
    <subfield code="a">338</subfield>
  </datafield>
  <datafield tag="100" ind1="1" ind2="0">
    <subfield code="a">Guti&#xE9;rrez Tamayo, Alberto Le&#xF3;n</subfield>
    <subfield code="4">aut</subfield>
    <subfield code="e">aut</subfield>
    <subfield code="9">472929</subfield>
  </datafield>
  <datafield tag="245" ind1="1" ind2="3">
    <subfield code="a">La golosa de Pepa : metodolog&#xED;a para la apropiaci&#xF3;n social del conocimiento generado por el proceso de planeaci&#xF3;n del desarrollo local en las comunas 1 y 8 de Medell&#xED;n</subfield>
  </datafield>
  <datafield tag="250" ind1=" " ind2=" ">
    <subfield code="a">1. edici&#xF3;n</subfield>
  </datafield>
  <datafield tag="260" ind1=" " ind2=" ">
    <subfield code="a">Medell&#xED;n :</subfield>
    <subfield code="b">Editorial Universidad de Antioquia,</subfield>
    <subfield code="c">2014.</subfield>
  </datafield>
  <datafield tag="300" ind1=" " ind2=" ">
    <subfield code="a">62 p&#xE1;ginas :</subfield>
    <subfield code="b">ilustrado.</subfield>
  </datafield>
  <datafield tag="520" ind1="3" ind2=" ">
    <subfield code="a">Todos los actores del Sistema Nacional de Ciencia, Tecnolog&#xED;a e Innovaci&#xF3;n colombiano (SNCTI), con inter&#xE9;s en la apropiaci&#xF3;n social del conocimiento (ASC) requiere de metodolog&#xED;as que orienten estos procesos; este texto es un avance en la materia, una de las opciones metodol&#xF3;gicas que posibilita la ASC. Su sentido est&#xE1; orientado por la premisa seg&#xFA;n la cual, apropiar socialmente un conocimiento posibilita mejorar el hacer y que este hacer est&#xE1; dirigido a la trasformaci&#xF3;n de la realidad. Es decir, conocer-hacer-transformar se constituyen en la triada que orienta tanto la concepci&#xF3;n como la forma operativa de la metodolog&#xED;a. Los sujetos act&#xFA;an conforme lo que conocen o dicho de otra forma, sus acciones reflejan lo que saben; de all&#xED; que cuando un nuevo conocimiento es apropiado, las acciones tambi&#xE9;n resulten modificadas y por la relaci&#xF3;n que estas acciones guardan con la realidad construida, la trasformaci&#xF3;n acompa&#xF1;e el cambio en la acci&#xF3;n. Esta metodolog&#xED;a est&#xE1; bajo esta premisa. Su construcci&#xF3;n deviene de la concepci&#xF3;n elaborada por el equipo de investigaci&#xF3;n y la documentaci&#xF3;n del proceso de planeaci&#xF3;n del desarrollo local adelantado en las comunas 1 y 8 de Medell&#xED;n.</subfield>
  </datafield>
  <datafield tag="650" ind1=" " ind2=" ">
    <subfield code="a">Desarrollo local - Medell&#xED;n</subfield>
    <subfield code="9">61310</subfield>
  </datafield>
  <datafield tag="650" ind1=" " ind2=" ">
    <subfield code="a">Comuna 1, Popular, Medell&#xED;n (Antioquia, Colombia)</subfield>
    <subfield code="9">18592</subfield>
  </datafield>
  <datafield tag="650" ind1=" " ind2=" ">
    <subfield code="a">Comuna 8, Villa Hermosa - Medellin (Antioquia, Colombia)</subfield>
    <subfield code="9">29030</subfield>
  </datafield>
  <datafield tag="650" ind1=" " ind2=" ">
    <subfield code="a">Apropiaci&#xF3;n social del conocimiento</subfield>
    <subfield code="9">208074</subfield>
  </datafield>
  <datafield tag="650" ind1=" " ind2=" ">
    <subfield code="a">Universidad de Antioquia. Grupo de Investigaci&#xF3;n Medio Ambiente y Sociedad (MASO)</subfield>
    <subfield code="9">203171</subfield>
  </datafield>
  <datafield tag="650" ind1=" " ind2="7">
    <subfield code="a">Urbanismo</subfield>
    <subfield code="2">lemb</subfield>
    <subfield code="9">64190</subfield>
  </datafield>
  <datafield tag="650" ind1=" " ind2="7">
    <subfield code="a">Gesti&#xF3;n del conocimiento</subfield>
    <subfield code="2">armarc</subfield>
    <subfield code="9">29258</subfield>
  </datafield>
  <datafield tag="700" ind1="1" ind2="0">
    <subfield code="a">Rom&#xE1;n C&#xE1;rdenas, Mat&#xED;n Humberto</subfield>
    <subfield code="4">aut</subfield>
    <subfield code="e">aut</subfield>
    <subfield code="9">701062</subfield>
  </datafield>
  <datafield tag="700" ind1="1" ind2="0">
    <subfield code="a">Melo Ruales, Alejandro</subfield>
    <subfield code="4">aut</subfield>
    <subfield code="e">aut</subfield>
    <subfield code="9">713972</subfield>
  </datafield>
  <datafield tag="700" ind1="1" ind2="0">
    <subfield code="a">Hincapie Ballesteros, Luis Alberto</subfield>
    <subfield code="4">aut</subfield>
    <subfield code="e">aut</subfield>
    <subfield code="9">614087</subfield>
  </datafield>
  <datafield tag="700" ind1="1" ind2="0">
    <subfield code="a">Giraldo V&#xE9;lez, Nataly</subfield>
    <subfield code="4">aut</subfield>
    <subfield code="e">aut</subfield>
    <subfield code="9">594418</subfield>
  </datafield>
  <datafield tag="700" ind1="1" ind2="0">
    <subfield code="a">Villada R&#xED;os, Mar&#xED;a Alejandra</subfield>
    <subfield code="4">aut</subfield>
    <subfield code="e">aut</subfield>
    <subfield code="9">594416</subfield>
  </datafield>
  <datafield tag="700" ind1="1" ind2="0">
    <subfield code="a">Arias Betancur, Luisa Fernanda</subfield>
    <subfield code="4">aut</subfield>
    <subfield code="e">aut</subfield>
    <subfield code="9">621297</subfield>
  </datafield>
  <datafield tag="710" ind1="2" ind2="0">
    <subfield code="a">Universidad de Antioquia. Facultad de Ciencias Sociales y Humanas. Grupo de Investigaci&#xF3;n Medio Ambiente y Sociedad (MASO)</subfield>
    <subfield code="4">aut</subfield>
    <subfield code="e">aut</subfield>
    <subfield code="9">832329</subfield>
  </datafield>
  <datafield tag="942" ind1=" " ind2=" ">
    <subfield code="c">BOOK</subfield>
  </datafield>
  <datafield tag="999" ind1=" " ind2=" ">
    <subfield code="c">710696</subfield>
    <subfield code="d">710696</subfield>
  </datafield>
  <datafield tag="952" ind1=" " ind2=" ">
    <subfield code="0">0</subfield>
    <subfield code="1">0</subfield>
    <subfield code="4">0</subfield>
    <subfield code="7">0</subfield>
    <subfield code="8">GICISH</subfield>
    <subfield code="a">CISH</subfield>
    <subfield code="b">CISH</subfield>
    <subfield code="d">2015-02-04</subfield>
    <subfield code="e">Material adquirido por donaci&#xF3;n</subfield>
    <subfield code="i">C1220588</subfield>
    <subfield code="l">0</subfield>
    <subfield code="o">M/GI-10902 e2</subfield>
    <subfield code="p">15986469</subfield>
    <subfield code="r">2023-05-03 00:00:00</subfield>
    <subfield code="t">1</subfield>
    <subfield code="w">2023-05-03</subfield>
    <subfield code="y">BOOK</subfield>
  </datafield>
  <datafield tag="952" ind1=" " ind2=" ">
    <subfield code="0">0</subfield>
    <subfield code="1">0</subfield>
    <subfield code="4">0</subfield>
    <subfield code="7">0</subfield>
    <subfield code="8">GICISH</subfield>
    <subfield code="a">CISH</subfield>
    <subfield code="b">CISH</subfield>
    <subfield code="d">2015-02-04</subfield>
    <subfield code="e">Material adquirido por donaci&#xF3;n</subfield>
    <subfield code="i">C1220587</subfield>
    <subfield code="l">0</subfield>
    <subfield code="o">M/GI-10902</subfield>
    <subfield code="p">15986468</subfield>
    <subfield code="r">2023-05-03 00:00:00</subfield>
    <subfield code="t">2</subfield>
    <subfield code="w">2023-05-03</subfield>
    <subfield code="y">BOOK</subfield>
  </datafield>
  <datafield tag="952" ind1=" " ind2=" ">
    <subfield code="0">0</subfield>
    <subfield code="1">0</subfield>
    <subfield code="4">0</subfield>
    <subfield code="7">0</subfield>
    <subfield code="8">GEN</subfield>
    <subfield code="a">BC</subfield>
    <subfield code="b">BC</subfield>
    <subfield code="d">2015-02-11</subfield>
    <subfield code="e">Material adquirido por donaci&#xF3;n</subfield>
    <subfield code="i">C1220891</subfield>
    <subfield code="l">0</subfield>
    <subfield code="o">338.986126 G627 e2</subfield>
    <subfield code="p">01004669</subfield>
    <subfield code="r">2023-05-03 00:00:00</subfield>
    <subfield code="t">3</subfield>
    <subfield code="w">2023-05-03</subfield>
    <subfield code="y">BOOK</subfield>
  </datafield>
  <datafield tag="952" ind1=" " ind2=" ">
    <subfield code="0">0</subfield>
    <subfield code="1">0</subfield>
    <subfield code="4">0</subfield>
    <subfield code="7">0</subfield>
    <subfield code="8">FOLLETOS</subfield>
    <subfield code="a">INER</subfield>
    <subfield code="b">INER</subfield>
    <subfield code="d">2015-02-12</subfield>
    <subfield code="e">Material adquirido por donaci&#xF3;n</subfield>
    <subfield code="i">C1220980</subfield>
    <subfield code="l">1</subfield>
    <subfield code="m">1</subfield>
    <subfield code="o">Av/F 4356</subfield>
    <subfield code="p">0645998</subfield>
    <subfield code="r">2026-05-08 09:38:01</subfield>
    <subfield code="s">2024-01-26</subfield>
    <subfield code="t">4</subfield>
    <subfield code="w">2023-05-03</subfield>
    <subfield code="y">BOOK</subfield>
  </datafield>
  <datafield tag="952" ind1=" " ind2=" ">
    <subfield code="0">0</subfield>
    <subfield code="1">0</subfield>
    <subfield code="4">0</subfield>
    <subfield code="7">0</subfield>
    <subfield code="8">ANTIOQUIA</subfield>
    <subfield code="a">BC</subfield>
    <subfield code="b">BC</subfield>
    <subfield code="d">2015-02-11</subfield>
    <subfield code="e">Material adquirido por donaci&#xF3;n</subfield>
    <subfield code="i">C1220888</subfield>
    <subfield code="l">0</subfield>
    <subfield code="o">338.986126 G627</subfield>
    <subfield code="p">01004665</subfield>
    <subfield code="r">2023-05-03 00:00:00</subfield>
    <subfield code="t">5</subfield>
    <subfield code="w">2023-05-03</subfield>
    <subfield code="y">BOOKI</subfield>
  </datafield>
</record>
